Cours d'agriculture et d'économie rurale / (Record no. 162970)

MARC details
000 -LEADER
campo de control de longitud fija 00722nam a2200193 i 4500
001 - NÚMERO DE CONTROL
campo de control 162970
003 - IDENTIFICADOR DE NÚMERO DE CONTROL
campo de control ES-MaACL
005 - FECHA Y HORA DE LA ÚLTIMA TRANSACCIÓN
campo de control 20250929063237.0
008 - DATOS DE LONGITUD FIJA--INFORMACIÓN GENERAL
campo de control de longitud fija 050706s1832 fr | |||||||| ||fre d
040 ## - FUENTE DE CATALOGACIÓN
Centro catalogador/agencia de origen CAM
Lengua de catalogación spa
Centro/agencia transcriptor CAM
100 1# - ENTRADA PRINCIPAL--NOMBRE DE PERSONA
Nombre de persona Raspail, François-Vincent,
Fechas asociadas al nombre 1794-1878
9 (RLIN) 131616
245 10 - MENCIÓN DEL TÍTULO
Título Cours d'agriculture et d'économie rurale /
Mención de responsabilidad, etc. Raspail.
260 ## - PUBLICACIÓN, DISTRIBUCIÓN, ETC.
Lugar de publicación, distribución, etc. Paris :
Nombre del editor, distribuidor, etc. Librairie Classique de L. Hachette,
Fecha de publicación, distribución, etc. 1832 (
Fabricante Imprimerie de Marchand du Breuil)
300 ## - DESCRIPCIÓN FÍSICA
Extensión 5 v. ;
Dimensiones 14 cm.
505 8# - NOTA DE CONTENIDO CON FORMATO
Nota de contenido con formato Contiene: 4e traité, Horticulture (168 p.)
650 07 - PUNTO DE ACCESO ADICIONAL DE MATERIA--TÉRMINO DE MATERIA
Término de materia o nombre geográfico como elemento de entrada Agricultura
Fuente del encabezamiento o término embne
9 (RLIN) 9670
852 ## - LOCALIZACIÓN
Ubicación ES-MaACL
Número de control de estantería D-523(1)
Nota libre -- Enc. pasta española
condición física -- Sólo 4e. traité, Horticulture
Holdings
Estatus retirado Estado de pérdida Estado de daño No para préstamo Colección Biblioteca de origen Biblioteca actual Ubicación en estantería Fecha de adquisición Fuente de adquisición Total de préstamos Signatura topográfica completa Código de barras Visto por última vez Precio de reemplazo Tipo de ítem Koha
        Libros del s. XIX Biblioteca del Ateneo de Madrid Biblioteca del Ateneo de Madrid Sala Valle Inclán 17/01/2008     D-523(1) 901170750 23/02/2023 23/02/2023 Libro impreso antiguo